Les Arbres - Statistiques

Statistiques générales
  • Ce quiz a été pris 292 fois
  • Le résultat moyen est 7 sur 16
Statistiques - réponses
Par images Réponse % Correct
Sapin
89%
Bouleau
83%
Pommier
79%
Chêne
78%
Saule
77%
Pin Sylvestre
68%
Erable
58%
Peuplier
50%
Hêtre
47%
Tilleul
17%
Poirier
15%
Frêne
14%
Merisier
11%
Charme
10%
Châtaignier
10%
Aulne
4%
Aucun quiz correspondant
Distribution des résultats
% des personnes avec chaque résultat
Percentile par nombre de réponses
Votre historique - résultats
Vous n’avez pas pris ce quiz